00274 a2200121 4500001000700000020000600007040001100013100002500024240004400049245003900093362000900132440001100141167578 a  cMagnum aSoares, Monica Pinto10aHidroterapia: patologias do joelholpor10aHidroterapia: patologias do joelho0 a1899 1aSprint